000
00312nam a2200133Ia 4500
005
20260328104318.0
008
260328s9999||||xx |||||||||||||| ||und||
100
_a
Wines, James
245
0
_a
Green Architecture /
_c
James Wines
260
_b
Taschen
300
_a
240 p.
650
_a
BIOCLIMATISMO
942
_c
BK
999
_c
11258
_d
11258